000 00629nam a2200169Ia 4500
008 100122s9999 xx 000 0 und d
082 _b15222
_a923.673
100 _aहसमनीस द का
245 _aपर्वतराजीतील चमत्कार
260 _bकुलकर्णी ग्रंथगार
_c1968
300 _a139
520 _aमेरी टी स्लूप
620 _aमेरी टी स्लूप
630 _aपर्वतराजीतील चमत्कार
730 _aपर्वतराजीतील चमत्कार
942 _cBOOK
999 _c405542
_d405539